Words with Only 3 Unique Letters - Statistics

General Stats
  • This quiz has been taken 31 times
  • The average score is 6 of 15
Answer Stats
Hint Answer % Correct
Someone who makes sure everyone follows the rules during a sports match Referee
92%
A yellow fruit shaped like a crescent Banana
88%
Classified by being warm-blooded, having fur, and giving birth to live young Mammal
80%
Multiple donkeys Asses
68%
A silky case spun by the larvae of many insects for protection in the pupal stage Cocoon
56%
A stimulus from your eyes or ears that helps you understand the world Sense
56%
Multiple Iranian monarchs Shahs
56%
A great ape local to the Democratic Republic of the Congo Bonobo
48%
An understanding or alliance between different nations Entente
20%
Referring to a municipal part of a city or town Civic
12%
Something vibrant or brilliant Vivid
12%
A strong feeling of shock or disgust Horror
8%
A green plant with clover-like leaves native to southwestern Asia Alfalfa
4%
To sprinkle or cover something with many of a random item Pepper
4%
Any kind of skin disease that causes itchy patches Tetter
4%
No matching quizzes found
Score Distribution
Percent of People with Each Score
Percentile by Number Answered
Your Score History
You have not taken this quiz